|
|
|
|
| LEADER |
00000ny a22000003n 4500 |
| 005 |
20110513105228.0 |
| 008 |
090722c20099999sp f p s 000 b spa d |
| 022 |
|
|
|a 1970-2620
|
| 035 |
|
|
|a 4611
|
| 040 |
|
|
|a BUS
|d vLex
|
| 080 |
|
|
|a 351 (05)
|
| 090 |
|
|
|c 1842
|d 1842
|
| 245 |
3 |
0 |
|a Studi tributari europei
|h [Recurso electrn̤ico]
|b rivista della Scuola Europea di Alti Studi Tributari
|
| 256 |
|
|
|a Servicio en ln̕ea
|
| 260 |
|
|
|a Bolonia :
|b Scuola Europea di Alti Studi Tributari
|
| 310 |
|
|
|a Semestral
|
| 506 |
1 |
|
|a Contenido solo disponible en los productos indicados
|d vLex Global
|d vLex Global (Academic Edition, excluding Law Schools)
|d vLex Global (U.S. Academic Edition, Law Schools)
|d vLex Global (U.S. Academic Edition, excluding Law Schools)
|d vLex Global (Academic Edition, Law Schools)
|
| 650 |
0 |
4 |
|a Derecho fiscal
|x Publicaciones perid̤icas
|
| 710 |
2 |
|
|a Scuola Europea di Alti Studi Tributari (Bolonia),
|e ed.
|
| 740 |
0 |
|
|a vLex Revista (Servicios en ln̕ea)
|
| 843 |
|
|
|a Electrn̤ica. Abierta
|
| 853 |
|
|
|8 1
|i (year)
|j (month)
|k (day)
|
| 856 |
4 |
0 |
|u http://vlex.com/source/4611
|z Acceso restringido
|
| 942 |
|
|
|c REV
|
| 999 |
0 |
4 |
|a Derecho fiscal
|